ბათუმის შოთა რუსთაველის სახელმწიფო უნივერსიტეტის ბიბლიოთეკა

Элементарная математика (ბიბ.ჩანაწერი № 48174)

000 -LEADER
fixed length control field 00556nam a2200193Ia 4500
001 - CONTROL NUMBER
control field 15056
003 - CONTROL NUMBER IDENTIFIER
control field GE_BSU
008 - FIXED-LENGTH DATA ELEMENTS--GENERAL INFORMATION
fixed length control field 181216s||||||||xx |||||||||||||| ||und||
040 ## - CATALOGING SOURCE
Transcribing agency GE_BSU
080 ## - UNIVERSAL DECIMAL CLASSIFICATION NUMBER
Universal Decimal Classification number 51(075.8)
100 ## - MAIN ENTRY--PERSONAL NAME
Personal name Виленкин, Н.Я. Литвиненко,В.Н. Мордкович,А.Г.
245 ## - TITLE STATEMENT
Title Элементарная математика
260 ## - PUBLICATION, DISTRIBUTION, ETC.
Place of publication, distribution, etc. Москва
260 ## - PUBLICATION, DISTRIBUTION, ETC.
Name of publisher, distributor, etc. Просвещение.
260 ## - PUBLICATION, DISTRIBUTION, ETC.
Date of publication, distribution, etc. 1970
300 ## - PHYSICAL DESCRIPTION
Extent 221стр.22см.
653 ## - INDEX TERM--UNCONTROLLED
Uncontrolled term Элементарная математика
942 ## - ADDED ENTRY ELEMENTS (KOHA)
Koha item type წიგნი
ეგზემპლარები
Withdrawn status Lost status Damaged status Not for loan Date acquired Barcode Date last seen Price effective from Koha item type
        2018-12-17 15594 2018-12-17 2018-12-17 წიგნი
        2018-12-17 16133 2018-12-17 2018-12-17 წიგნი
        2018-12-17 16149 2018-12-17 2018-12-17 წიგნი